000 01213nam a2200301 a 4500
001 000017776
003 DO-SdBPM
005 20250617110941.0
007 ta
008 100331s1987 dr ac 000 0 spa d
040 _aDO-SdBPM
_bspa
_cBPMSU
_erda
082 4 _a972.93052
_bR696b 1987
_222
100 1 _aRodríguez Bonilla, Manuel
245 1 3 _aLa batalla de la Barranquita /
_cManuel Rodríguez Bonilla ; presentación Fernando Sánchez Martínez.
264 _aSanto Domingo :
_bEditora Universitaria,
_c1987
300 _a337 Páginas :
_bilustraciones , retratos . ;
_c22 cm.
336 _atexto
_btxt
_2rdacontent
337 _asin mediación
_bn
_2rdamedia
338 _avolumen
_bnc
_2rdacarrier
490 0 _aPublicaciones de la Universidad Autónoma de Santo Domingo;
_aHistoria y Sociedad,
_v560/73
500 _aIncluye datos biográficos del autor en la contra cubierta
500 _aIncluye referencias bibliográficas y notas al pie de las páginas
590 _aInventariado, 2025/VM
651 7 _aRepública Dominicana
_xHistoria
_yOcupación norteamericana 1916-1924
700 1 _aSánchez Martínez, Fernando,
910 _aVMateo V. Control de calidad. BPMSU
942 _2ddc
_cBK
999 _c8133
_d8133